Window on Britain 2

Το Window on Britain 2 περιλαμβάνει οκτώ κεφάλαια το καθένα από τα οποία εξετάζει διαφορετικές απόψεις της Βρετανικής ζωής και κουλτούρας.

Αποθηκεύτηκε σε:
Λεπτομέρειες βιβλιογραφικής εγγραφής
Μορφή: Διαφάνειες
Γλώσσα:English
Δημοσίευση: Oxford, England : Oxford University Press, c2001
Θέματα:
Ετικέτες: Προσθήκη ετικέτας
Δεν υπάρχουν, Καταχωρήστε ετικέτα πρώτοι!

MARC

LEADER 00000 gm a2200000 i 4500
001 1/84978
008 050907s2001 uk engod
020 |a 0-19-459300-2 
035 |l 10080158 
040 |a GR-MY-UA  |b gre  |e aacr 
041 0 |a eng 
082 0 |a 941  |2 (22) 
245 1 0 |a Window on Britain 2  |h [μαγνητοσκόπηση] 
260 |a Oxford, England :   |b Oxford University Press,   |c c2001 
300 |a 1 βιντεοκασέτα (44 λεπτ.);  |b ομίλ. έγχρ.;  |c 1/2 ίν. 
500 |a VHS 
520 |a Το Window on Britain 2 περιλαμβάνει οκτώ κεφάλαια το καθένα από τα οποία εξετάζει διαφορετικές απόψεις της Βρετανικής ζωής και κουλτούρας. 
650 0 0 |a English language  |x Study and teaching  |x Foreign speakers. 
651 0 |a Great Britain  |x Social life and customs. 
852 |a INST  |b SYROS  |c AV  |e 20050907  |h 941 WIN  |p 005500005315  |q 005500005315  |t VC  |y 23 
901 |a BIBL5-2004-3 
909 |a Ε  |b 117101 
920 |a ΔΙΕΥΡΥΝΣΗ  |b ΕΠΕΑΕΚ-ΤΜΣΠΣ  |y ΣΥΡΟΣ  |z 2004-10 
970 |a ΚΟΝΤΟΥ  |b ΠΑΡΑΣΚΕΥΗ  |z 2005/09/07